Vocabulario de las epístolas paulinas
Guardat en:
| Autor principal: | |
|---|---|
| Format: | Llibre |
| Idioma: | espanyol |
| Publicat: |
Pamplona, España
Verbo Divino
1996
|
| Col·lecció: | Cuadernos Bíblicos.
88 |
| Matèries: | |
| Etiquetes: |
Afegir etiqueta
Sense etiquetes, Sigues el primer a etiquetar aquest registre!
|
MARC
| LEADER | 00000cam a2200000 a 4500 | ||
|---|---|---|---|
| 001 | UCS5891 | ||
| 003 | CL-VaPUC | ||
| 005 | 20250228150741.0 | ||
| 008 | 970906e19960000SP |||||||||||||||||spa|d | ||
| 999 | |c 312157 |d 312155 | ||
| 020 | |a 9788481690918 | ||
| 040 | |c Pontificia Universidad Católica de Valparaíso | ||
| 082 | 0 | 4 | |a 227 BOU 1996 |2 21 |
| 100 | |a Bouttier, Michel |e autor |9 490649 | ||
| 245 | 1 | 0 | |a Vocabulario de las epístolas paulinas |
| 260 | 0 | 3 | |a Pamplona, España |b Verbo Divino |c 1996 |
| 300 | |a 68 páginas | ||
| 490 | 0 | |a Cuadernos Bíblicos. |v 88 | |
| 583 | |k Rodrigo Vera |c 20200825 | ||
| 600 | 0 | |a Pablo de Tarso, Santo |9 321163 | |
| 650 | 0 | |a Biblia |9 257603 | |
| 650 | 0 | |a Nuevo testamento |9 257604 | |
| 650 | 7 | |a CARTAS PAULINAS |2 CL-VaPUC |9 411151 | |
| 650 | 0 | |a Epístolas |9 321181 | |
| 650 | 0 | |a Vocabulario |9 345405 | |
| 942 | |c BK |2 ddc | ||
| 945 | |d 19970906 00:00:00 |a aalvarez | ||
| 952 | |0 0 |1 0 |2 ddc |4 0 |6 227_000000000000000_BOU_1996 |7 0 |8 A |9 382052 |a BIBTEO |b BIBTEO |d 2019-11-21 |i 3342123 |o 227 BOU 1996 |p 3342123 |r 2025-01-17 |t 1 |w 2019-11-21 |y BK |k ICR | ||
| 952 | |0 0 |1 0 |2 ddc |3 erb |4 0 |6 227_000000000000000_BOU_1996 |7 0 |8 A |9 382053 |a BIBTEO |b BIBTEO |i 5356407 |o 227 BOU 1996 |p 5356407 |r 2025-01-17 |t 2 |w 2019-11-21 |y BK |z Catalogado en:20161216 |k ICR | ||